| 000 | 00907nam a22002775a 4500 | ||
|---|---|---|---|
| 003 | OSt | ||
| 005 | 20180226104259.0 | ||
| 008 | 180226s2000 le frb 001 0 ara d | ||
| 017 | _a1995 / 2 / 178 | ||
| 020 | _a1855132281 | ||
| 040 |
_aEG-ScBUE _bara _cEG-ScBUE |
||
| 082 | 0 | 4 |
_a297.1977 _bن ي هـ _222 |
| 100 | 1 | _aنيهوم، الصادق. | |
| 245 | 1 | 0 |
_aإسلام ضد الإسلام = _bIslam versus islam / _cالصادق النيهوم. |
| 246 | 3 | 1 | _aIslam versus islam |
| 250 | _aط. 3. | ||
| 260 |
_aبيروت : _bرياض الريس للكتب والنشر، _c2000. |
||
| 300 |
_a379 ص. ؛ _c24 سم. |
||
| 490 | 0 | _aكتاب الناقد | |
| 500 | _aيشتمل على كشافات. | ||
| 504 | _aيشتمل على إرجاعات ببليوجرافية. | ||
| 650 | 7 |
_aالإسلام. _xمتفرقات. _2BUEsh |
|
| 651 | _2BUEsh | ||
| 653 |
_bGGEN _cFebruary2018 |
||
| 942 | _2ddc | ||
| 999 |
_c26172 _d26144 |
||